Polandball Trivia! - Statistics

General Stats
  • This quiz has been taken 1,143 times
  • The average score is 8 of 14
Answer Stats
Hint Answer % Correct
Who cannot into space? Polandball
97%
What is USAball usually wearing? Sunglasses
74%
What shape is Singapore? Triangle
74%
Who says "börk, börk, börk"? Swedenball
71%
Is Sealandball relevant and stronk? No
70%
Who is married to Germanyball? Franceball
64%
Who is always asking Germanyball to "gib euromonies"? Greeceball
64%
What eyewear does UKball usually wear? A monocle
56%
What does Germanyball turn into when he wants to annex another countryball? Reichtangle
53%
What is the Polandball term for land? Clay
50%
Who is Muslim Poland? Indonesiaball
38%
What epiphet is Polandball's catchphrase? Kurwa!
38%
Why is Israel a cube? Jewish physics
34%
What is the Polandball name for Middle Eastern countries? Kebab
25%
No matching quizzes found
Score Distribution
Percent of People with Each Score
Percentile by Number Answered
Your Score History
You have not taken this quiz